Zur Vermittlung fachsprachlichen Wissens im Fremdsprachenunterricht an einer technischen Universität

Príspevok prezentuje možnosti transferu technických znalostí do výučby cudzieho jazyka na technickej univerzite. Zameriava sa na princípy, metódy a témy relevantné pri spojení technickej terminológie s cudzím jazykom.

Salvato in:
Dettagli Bibliografici
Autore principale: Tuhárska, Zuzana, 1977-
Natura: Capitolo di libro
Lingua:tedesco
Soggetti:
Tags: Aggiungi Tag
Nessun Tag, puoi essere il primo ad aggiungerne!!

MARC

LEADER 00000naa$a2200000$$$4500
001 0296437
005 20240417075248.9
041 0 |a ger 
044 |a DE 
245 1 0 |a Zur Vermittlung fachsprachlichen Wissens im Fremdsprachenunterricht an einer technischen Universität  |c Zuzana Tuhárska 
520 |a Príspevok prezentuje možnosti transferu technických znalostí do výučby cudzieho jazyka na technickej univerzite. Zameriava sa na princípy, metódy a témy relevantné pri spojení technickej terminológie s cudzím jazykom. 
610 2 0 |a vyučovanie 
610 2 0 |a univerzity 
610 2 0 |a jazyk odborný 
610 2 0 |a jazyky cudzie 
100 1 |a Tuhárska, Zuzana, 1977-